Statistics for Which Countries Do You Transit With These Straight Lines?

Click here to take the quiz!

General Stats

  • This quiz has been taken 3,824 times
  • The average score is 12 of 20

Answer Stats

HintAnswer% Correct
Cairo 1Libya
98%
Cairo 2Algeria
97%
Cairo 3Morocco
96%
Tokyo 2China
76%
Tokyo 1South Korea
76%
Cairo 4United States
71%
Sydney 1South Africa
69%
Sydney 2Brazil
57%
Kiev 1Poland
56%
Sydney 4Argentina
52%
Sydney 5Chile
52%
Sydney 3Uruguay
50%
Kiev 2Czechia
47%
Kiev 3Germany
47%
Kiev 4Belgium
42%
Tokyo 3Pakistan
42%
Cairo 5Mexico
41%
Tokyo 4Afghanistan
40%
Kiev 5France
40%
Tokyo 5Turkmenistan
30%

Score Distribution

Percentile by Number Answered

Percent of People with Each Score

Your Score History

You have not taken this quiz